000
00306 a2200145 4500
001
161047
020
_a
85-15-00138-1
040
_c
Magnum
240
1
0
_a
O pequeno polegar
_l
por
245
1
0
_a
O pequeno polegar
300
_a
16
440
1
_a
Loyola
697
_a
LITERATURA INFANTO-JUVENIL
942
_c
BK
999
_c
161047
_d
161047